Potraviny, ktoré rozdelili svet
Európsko-americký spor: EÚ sa obáva následkov geneticky modifikovaných potravín, USA vidia ekonomické výhody. Ako vzniká geneticky modifikovaná (GM) rastlina. Prezentované výhody a riziká geneticky modifikovaných rastlín.
Na minha lista:
| Autor principal: | |
|---|---|
| Formato: | Capítulo de Livro |
| Idioma: | eslovaco |
| Assuntos: | |
| Tags: |
Sem tags, seja o primeiro a adicionar uma tag!
|
MARC
| LEADER | 00000naa a2200000 4500 | ||
|---|---|---|---|
| 001 | r047571 | ||
| 005 | 20230908082204.8 | ||
| 041 | 0 | |a slo | |
| 044 | |a SK | ||
| 245 | 1 | 0 | |a Potraviny, ktoré rozdelili svet |c Palo Hlubina |
| 520 | |a Európsko-americký spor: EÚ sa obáva následkov geneticky modifikovaných potravín, USA vidia ekonomické výhody. Ako vzniká geneticky modifikovaná (GM) rastlina. Prezentované výhody a riziká geneticky modifikovaných rastlín. | ||
| 610 | 2 | 0 | |a potraviny |
| 610 | 2 | 0 | |a výživa |
| 610 | 2 | 0 | |a zdravie |
| 610 | 2 | 0 | |a USA |
| 610 | 2 | 0 | |a Európska únia |
| 100 | 1 | |a Hlubina, Palo | |